000 01174nam a2200325 a 4500
001 ebr10430657
003 CaPaEBR
006 m u
007 cr cn|||||||||
008 101221s2001 enka sb 001 0 eng d
020 _z9781861891051
020 _z1861891059
020 _z9781861896865 (e-book)
040 _aCaPaEBR
_cCaPaEBR
035 _a(OCoLC)671648594
050 1 4 _aHV6545
_b.B76 2001eb
100 1 _aBrown, Ron M.
245 1 4 _aThe art of suicide
_h[electronic resource] /
_cRon M. Brown.
260 _aLondon :
_bReaktion Books,
_c2001.
300 _a253 p. :
_bill.
490 1 _aPicturing history
504 _aIncludes bibliographical references (p. 223-242) and index.
533 _aElectronic reproduction.
_bPalo Alto, Calif. :
_cebrary,
_d2011.
_nAvailable via World Wide Web.
_nAccess may be limited to ebrary affiliated libraries.
650 0 _aSuicide in art.
650 0 _aArt
_xHistory.
655 7 _aElectronic books.
_2local
710 2 _aebrary, Inc.
830 0 _aPicturing history.
856 4 0 _uhttp://site.ebrary.com/lib/rucke/Doc?id=10430657
_zAn electronic book accessible through the World Wide Web; click to view
999 _c146171
_d146171